<?xml version="1.0" encoding="UTF-8"?>
<marc:record xmlns:marc="http://www.loc.gov/MARC21/slim">
   <marc:leader>00000nam a2200000 a 4500</marc:leader>
   <marc:datafield ind1="1" ind2=" " tag="100">
      <marc:subfield code="a">Marshall, Kate Alice</marc:subfield>
      <marc:subfield code="4">aut</marc:subfield>
      <marc:subfield code="e">Verfasser/-in</marc:subfield>
   </marc:datafield>
   <marc:datafield ind1=" " ind2=" " tag="653">
      <marc:subfield code="a">Krimis, Thriller, Spionage</marc:subfield>
   </marc:datafield>
   <marc:datafield ind1=" " ind2=" " tag="653">
      <marc:subfield code="a">Fiktionale Darstellung</marc:subfield>
   </marc:datafield>
   <marc:datafield ind1="0" ind2="0" tag="245">
      <marc:subfield code="a">Eisnebel</marc:subfield>
   </marc:datafield>
   <marc:datafield ind1="0" ind2="0" tag="245">
      <marc:subfield code="b">Thriller</marc:subfield>
   </marc:datafield>
   <marc:datafield ind1=" " ind2="1" tag="264">
      <marc:subfield code="b">Piper</marc:subfield>
      <marc:subfield code="c">2025</marc:subfield>
   </marc:datafield>
   <marc:datafield ind1="1" ind2=" " tag="520">
      <marc:subfield code="a">Schneebedeckt Wälder, hoch aufragende Berge und ein abelegenes Anwesen. Idlewood ist das luxuriöse Winterdomizil der Daltons. Theodora ist zum ersten Mal hier, um die skeptische Familie ihres Verlobten Connor für sich zu gewinnen. Doch schnell wird klar, dass sie auf Idlewood nicht willkommen ist. Sie wird verfolgt und immer wieder erhält sie Drohnachrichten, sich von Connor fernzuhalten. Schon bald wird Theodora von Albträumen heimgesucht. Welches Geheimnis birgt dieses Anwesen? Welche Geheimnisse hütet Theodora selbst, die besser im Dunkeln bleiben sollten? Großartig - erschreckend</marc:subfield>
   </marc:datafield>
   <marc:datafield ind1=" " ind2=" " tag="020">
      <marc:subfield code="a">9783492065641</marc:subfield>
      <marc:subfield code="9">9783492065641</marc:subfield>
   </marc:datafield>
</marc:record>
